000 00556nam a2200193Ia 4500
008 191130s2009##################000#0#eng##
020 _a9780199571338
040 _aACL
_cACL
082 _a004.692 CRY
100 _aCrystal, David
245 _aTxtng: the Gr8 Db8
_cDavid Crystal, Ed Mclachlan
260 _aOxford
_bOxford University Press
_c2009
300 _aix, 239 p.:ill
650 _aMobile & Wireless Communications
650 _aTechnology & Engineering
990 _a618e8b28ac10000c241195a762976772
991 _a177904
999 _c84430
_d84430